Strategic management : methods and studies /

Bibliographic Details
Other Authors: Dean, Burton Victor, 1924-2008, Cassidy, John C.
Format: Book
Language:English
Published: Amsterdam ; New York : North-Holland ; 1990.
Series:Studies in management science and systems ; v. 18.
Subjects:

MARC

Tag First Indicator Second Indicator Subfields
LEADER 00000cam a2200000 a 4500
001 in00000935821
005 20150925091739.0
008 900209s1990 ne a b 00000 eng
010 |a  90002908  
020 |a 044488047X (U.S.) 
035 |a (OCoLC)21117595 
035 |9 AER3480AM 
040 |a DLC  |c DLC  |d UtOrBLW 
049 |a TXAM  |c [A13159140] 
050 0 0 |a HD30.28  |b .S7334 1990 
082 0 0 |a 658.4/012  |2 20 
245 0 0 |a Strategic management :  |b methods and studies /  |c edited by Burton V. Dean and John C. Cassidy. 
264 1 |a Amsterdam ;  |a New York :  |b North-Holland ;  |c 1990. 
264 2 |a New York, NY, U.S.A. :  |b Distributors for the U.S. and Canada, Elsevier Science Pub. Co., 
300 |a xiv, 361 pages :  |b illustrations ;  |c 24 cm. 
336 |a text  |b txt  |2 rdacontent 
337 |a unmediated  |b n  |2 rdamedia 
338 |a volume  |b nc  |2 rdacarrier 
490 1 |a Studies in management science and systems ;  |v v. 18 
504 |a Includes bibliographical references. 
650 0 |a Strategic planning. 
700 1 |a Dean, Burton Victor,  |d 1924-2008. 
700 1 |a Cassidy, John C. 
830 0 |a Studies in management science and systems ;  |v v. 18. 
999 |a MARS 
999 f f |s a9922ebb-ecdb-36cf-99ad-20ab2577acc8  |i 74bf0563-87c1-3efd-bc7e-fb14c4973db8  |t 0 
952 f f |p ric  |a Texas A&M University  |b Rellis Campus  |c Joint Library Facility  |d Remote Storage  |t 0  |e HD30.28 .S7334 1990  |h Library of Congress classification  |i unmediated -- volume  |m A14813159140 
998 f f |a HD30.28 .S7334 1990  |t 0  |l Remote Storage